Stereochemistry and isomerism & reactions of carbonylcompounds: (Record no. 22994)

MARC details
000 -LEADER
fixed length control field 00922nam a22002297a 4500
005 - DATE AND TIME OF LATEST TRANSACTION
control field 20100827141349.0
008 - FIXED-LENGTH DATA ELEMENTS--GENERAL INFORMATION
fixed length control field 090204t xxu||||| |||| 00| 0 eng d
010 ## - LCCN (DPL NO)
LC control number ENG-92824
020 ## - INTERNATIONAL STANDARD BOOK NUMBER
Terms of availability 106.00
International Standard Book Number 9788190770910
035 ## - SYSTEM CONTROL NUMBER
System control number EN-76357
037 ## - SOURCE OF ACQUISITION
Source of stock number/acquisition DBAD / PUB
040 ## - CATALOGING SOURCE
Original cataloging agency dpl
Language of cataloging Eng
082 ## - DEWEY DECIMAL CLASSIFICATION NUMBER
Classification number 547.036
100 ## - MAIN ENTRY--PERSONAL NAME
Personal name Vijayalakshmi,N.
9 (RLIN) 17296
245 ## - TITLE STATEMENT
Title Stereochemistry and isomerism & reactions of carbonylcompounds:
Statement of responsibility, etc by N.Vijayalakshmi
Remainder of title made simple /
260 ## - PUBLICATION, DISTRIBUTION, ETC. (IMPRINT)
Place of publication, distribution, etc Chennai
Name of publisher, distributor, etc Sakthi Pathippakam
Date of publication, distribution, etc 2008
270 ## - ADDRESS
Address Plotl No. 136, Rajaji Nagar, 3rd Street, Madipakkam,
City Chennai
Postal code 600091
300 ## - PHYSICAL DESCRIPTION
Extent viii,72p.
Dimensions 20cm (pbk)
500 ## - GENERAL NOTE
General note Includes bibliographical references and index
942 ## - ADDED ENTRY ELEMENTS (KOHA)
Source of classification or shelving scheme Dewey Decimal Classification
Item type English Books
Call number suffix VIJ
Classification part 547.036
Holdings
Withdrawn status Lost status Source of classification or shelving scheme Damaged status Not for loan Collection code Home library Current library Date acquired Source of acquisition Cost, normal purchase price Total Checkouts Full call number Barcode Date last seen Copy number Cost, replacement price Koha item type
    Dewey Decimal Classification   Not For Loan Non-fiction D.B.Act.Division D.B.Act.Division 04/02/2009 DBAD / PUB 106.00   547.036 VIJ EN-76357 04/02/2009 1 106.00 English Books

© Delhi Public Library
Hit Counter
free hit counter